Investigación en la PUCV: personas e historias

Shranjeno v:
Bibliografske podrobnosti
Glavni avtor: Abarca Lobos, Claudio (autor)
Format: Knjiga
Jezik:španščina
Izdano: Valparaíso Ediciones Universitarias 2013
Teme:
Oznake: Označite
Brez oznak, prvi označite!

MARC

LEADER 00000cam a2200000 a 4500
001 UCF8688
003 CL-VaPUC
008 130930e20130000cl |||||||||||||||||spa|d
082 0 4 |a 378.007  |b ABA  |2 21 
100 |a Abarca Lobos, Claudio  |e autor  |9 559580 
245 1 0 |a Investigación en la PUCV: personas e historias 
300 |a 75 p 
942 |c BK 
945 |d 20130930 13:19:00  |a dcastane 
260 |a Valparaíso  |b Ediciones Universitarias  |c 2013 
650 0 |a Educación superior   |9 223851 
650 0 |a Universidades chilenas  |9 407335 
650 0 |a Investigación científica  |9 259857 
583 |a last modification  |c 20190405 01:41:41  |k Rodrigo Vera 
999 |c 353255  |d 353253 
952 |0 0  |1 0  |3 erb  |4 0  |6 378_007000000000000_ABA_2013  |7 0  |8 A  |9 458365  |a FDOPOS  |b FDOPOS  |d 2019-11-23  |i 5012325  |o 378.007 ABA 2013  |p 5012325  |r 2025-01-22  |w 2019-11-23  |y BK  |z Catalogado en:20130930  |k DLA 
952 |0 0  |1 0  |3 erb  |4 0  |6 378_007000000000000_ABA_2013  |7 0  |8 X  |9 458366  |a FDOBUD  |b FDOBUD  |d 2019-11-23  |i 5017610  |o 378.007 ABA 2013  |p 5017610  |r 2019-11-23  |w 2019-11-23  |y BK_X  |z Catalogado en:20131011  |k FHP 
952 |0 0  |1 0  |3 erb  |4 0  |6 378_007000000000000_ABA_2013  |7 0  |8 A  |9 458367  |a BIBDER  |b BIBDER  |i 5037921  |o 378.007 ABA 2013  |p 5037921  |r 2023-01-25  |w 2019-11-23  |y BK  |z Catalogado en:20131220  |k DER 
952 |0 0  |1 0  |3 erb  |4 0  |6 378_007000000000000_ABA_2013  |7 0  |8 A  |9 458368  |a BIBHIS  |b BIBHIS  |i 5038251  |o 378.007 ABA 2013  |p 5038251  |r 2025-01-20  |w 2019-11-23  |y BK  |z Catalogado en:20131227  |k HIS 
952 |0 0  |1 0  |3 erb  |4 0  |6 378_007000000000000_ABA_2013  |7 0  |8 X  |9 458369  |a FDOBUD  |b FDOBUD  |i 5135974  |o 378.007 ABA 2013  |p 5135974  |r 2019-11-23  |w 2019-11-23  |y BK_X  |z Catalogado en:20150123  |k FHP 
952 |0 0  |1 0  |3 erb  |4 0  |6 378_007000000000000_ABA_2013  |7 0  |8 X  |9 458370  |a FDOBUD  |b FDOBUD  |i 5542154  |o 378.007 ABA 2013  |p 5542154  |r 2019-11-23  |w 2019-11-23  |y BK_X  |z Catalogado en:20190409  |k FHP